| 000 | 01238nam a2200337Ia 4500 | ||
|---|---|---|---|
| 001 | Z_6533 | ||
| 003 | CHAP | ||
| 005 | 20230929181042.0 | ||
| 008 | 220113s2012 xx 000 0 und d | ||
| 010 | _a169801 | ||
| 040 | _cCHAP | ||
| 090 | _aTesis C43 2287 | ||
| 100 |
_aChávez Vázquez, Juan Carlos _922796 |
||
| 245 |
_aCaracterización del sistema de producción bovino, en el Municipio de Tomatlán, Jalisco / _cJuan Carlos Chávez Vázquez. |
||
| 260 |
_aMéxico : _bEl autor, _c2012 |
||
| 300 | _aCD | ||
| 502 | _aTesis (Ingeniero Agrónomo Especialista en Zootecnia) -- UACh, 2012 \ Dirección: Antonio López Escobedo; asesoría: José Luis Zaragoza Ramírez y Rodolfo Ramírez Valverde. | ||
| 650 |
_aCondiciones agroecológicas _9145087 |
||
| 650 |
_aEstudio socioeconómico. _9145088 |
||
| 650 |
_aGanado bovino _9138033 |
||
| 650 |
_aProducción rural _9145089 |
||
| 700 | _a Ramírez Valverde, Rodolfo, asesor. | ||
| 700 |
_a Zaragoza Ramírez, José Luis, asesor _9143249 |
||
| 700 |
_aLópez Escobedo, Antonio, director _9145090 |
||
| 856 | 4 | 2 |
_uhttp://10.13.5.2/tesis/115374.pdf _yDescargar PDF |
| 901 | _aTESIS C43 2287 | ||
| 902 | _aA | ||
| 910 | _a2012 | ||
| 942 |
_c2 _2ddc |
||
| 942 |
_c2 _2ddc |
||
| 999 |
_c169801 _d169801 |
||